| 000 | 00598nam a2200169 4500 | ||
|---|---|---|---|
| 001 | 113904 | ||
| 003 | ES-MaACL | ||
| 007 | t| | ||
| 008 | 061121s1946 ag r ||||1| spa d | ||
| 100 | 1 |
_aPage, Irvine H. _988265 |
|
| 245 | 1 | 0 |
_aHipertensión arterial _b: su diagnóstico y tratamiento / _cIrvine H. Page y Arthur Curtis Corcoran ; versión castellana del Dr.Juan A. Gamalero. |
| 260 |
_aBuenos Aires : _b`Alfa`, _c1946. |
||
| 300 |
_a364 p. 5 lám. : _bil ; _c24 cm. |
||
| 700 | 1 |
_aCurtis Corcoran, Arthur. _942250 |
|
| 700 | 1 |
_aGamalero, Juan A. _953739 |
|
| 852 |
_aES-MaACL _jE-2069 _bR.23047 |
||
| 999 |
_c113904 _d113904 |
||